00652nam a22002057a 4500003000500000005001700005008004100022010000900063011000900072035000900081040000900090100004100099245012600140260003700266300001000303502006300313650001600376650002700392650002700419CHAP20220329133624.0971013s1993 mx r 00010 spa d a8671 a9643 a8878 cCHAP00aCastillo Badillo, María Magdalena.10aAdición de antibióticos (penicilina y estreptomicina) en el semen de verracoc/por María Magdalena Castillo Badillo aMarín, N.L. :bEl autor,c1993 a57 h. aTesis (Ing. Agr. Zootecnista) -- UANL. Fac. de Agronomía14aPenicilina.14aSemenxGanado porcino.14aSemenxPreservación.